The Complete Guide to Success with the IBM PCjr

Bibliographic Details
Main Author: Sondak, Vernon K.
Other Authors: Sondak, Eileen M., Sondak, Norman E.
Format: Book
Language:English
Published: St. Louis, Toronto : Times Mirror , 1984
Subjects:

MARC

LEADER 00000cam a2200000 7i4500
001 0000000410
005 20230523.0
008 991123 at eng
020 |a 0801646715 (pbk) 
040 |a INS 
090 0 0 |a QA76.8.I2593   |b .S66 1984 
100 1 |a Sondak, Vernon K. 
245 1 4 |a The Complete Guide to Success with the IBM PCjr   |c Vernon K. Sondak, Eileen M. Sondak and Norman E. Sondak 
260 |a St. Louis, Toronto :   |b Times Mirror ,   |c 1984 
300 |a xv, 399 p. :   |b ill. ;   |c 23 cm. 
500 |a Includes index 
650 0 |a IBM PCjr (Computer) 
700 1 |a Sondak, Eileen M. 
700 1 |a Sondak, Norman E. 
999 |a 0000002190   |b BOOK   |c Open Shelf   |e Default branch